1658 1245 1648 1563 1778 1165 1713 1879 1263 1079 1863 1652 1718 1252 1290 1525 1376 1001 1863 1224 1740 1916 1118 1064 1987 1010 1424 1171 1668 1991 1443 1905 1286 1844 1470 1791 1457 1663 1501 1957 1871 1336 1630 1437 1932 1254 1944 1195 1064 1380 1107 1745 1877 1140 1134 1864 1063 1299 1708 1991 1163 1014 1403 1337 1248 1003 1888 1920 1155 1141 1156 1293 1205 1914 1328 1552 1148 1598 1776 1020 1653 1379 1772 1305 1359 1215 1452 1736 1102 1571 1553 1922 1690 1254 1454 1489 1298 1648 1167 BCNSPRNW ULIB Ver.6.0+V

เปลี่ยนเป็นภาษาไทย

Change to English
 แสดงรายละเอียดบรรณานุกรม
  กลับหน้าหลัก

Brief Record : Get Marc (ISO 2709) : E-mail record : QR code < ปิดหน้าต่าง
LEADER : 00000nam 2200000uu 4500
001    13399111909
003     ULIB
008    110712s2553||||th 000 0 tha d
020    9789746458752(ล.2)
060  4 WY101^bส719ป ล2
110 1  มหาวิทยาลัยสุโขทัยธรรมาธิราช^bสาขาวิชาพยาบาลศาสตร์
245 00 เอกสารการสอนชุดวิชา ประสบการณ์วิชาชีพการพยาบาล หน่วยที่9-15=^bProfessional experience in nursing /^cบรรณาธิการ สมใจ พุทธาพิทักษ์ผล
246 31 Professional experience in nursing
250    พิมพ์ครั้งที่ 6
260    นนทบุรี:^bศูนย์หนังสือมหาวิทยาลัยสุโขทัยธรรมาธิราช,^c2553
300    441 หน้า
650  7 การบริหารทางการพยาบาล
650  7 จรรยาบรรณพยาบาล
700 0  พรจันทร์ สุวรรณชาต,^eประธานคณะกรรมการ
710 2  มหาวิทยาลัยสุโขทัยธรรมาธิราช^bสาขาวิชาพยาบาลศาสตร์
945    ^p0^l0^i18376
945    ^p0^l0^i18377
945    ^p245^l0^i030795
945    ^p245^l0^i030796
945    ^p245^l0^i030797
995    กัณชพร
999    ^aใช้งานได้ทุกระบบ
รายการนี้ยังไม่มีแท็ก
คุณยังไม่ได้ล็อกอิน คุณสามารถมีกิจกรรมร่วมกับเว็บไซต์ได้ แต่ต้องล็อกอินก่อน ::
  ล็อกอิน

รายการสื่อสารสนเทศ

ลำดับที่ ประเภท เลขเรียก/บาร์โค้ด สถานที่ สถานะ
1. วิทยาศาสตร์การแพทย์ และสุขภาพ
วิทยาศาสตร์การแพทย์ และสุขภาพ
WY101 ส719ป ล2  
  Barcode: 18376
ห้องสมุดวิทยาเขตนครสวรรค์
►ส่วนจัดเก็บหนังสือเก่า นว.
บนชั้น
  ขอยืม
2. วิทยาศาสตร์การแพทย์ และสุขภาพ
วิทยาศาสตร์การแพทย์ และสุขภาพ
WY101 ส719ป ล2 ฉ.4 
  Barcode: 030796
ห้องสมุดวิทยาเขตสวรรค์ประชารักษ์
►ส่วนจัดเก็บหนังสือเก่า สปร
บนชั้น
  ขอยืม
3. วิทยาศาสตร์การแพทย์ และสุขภาพ
วิทยาศาสตร์การแพทย์ และสุขภาพ
WY101 ส719ป ล2 ฉ.5 
  Barcode: 030797
ห้องสมุดวิทยาเขตสวรรค์ประชารักษ์
►ส่วนจัดเก็บหนังสือเก่า สปร
บนชั้น
  ขอยืม

รายการใกล้เคียง
    หัวเรื่อง [การบริหารทางการพยาบาล]
    หัวเรื่อง [จรรยาบรรณพยาบาล]

BibComment


ยังไม่เคยถูกคอมเมนท์

คอมเมนท์ทรัพยากรรายการนี้
  คอมเมนท์: เอกสารการสอนชุดวิ..


 Copyright 2026. Bcnsprnw @Library